| 000 | 01912cam a22005174i 4500 | ||
|---|---|---|---|
| 003 | PE-LiUPU | ||
| 005 | 20250731165625.0 | ||
| 008 | 150616s r 000 0 d | ||
| 035 | _a(Sirsi) a6197 | ||
| 035 | _a(Sirsi) a6197 | ||
| 040 |
_aPE-LiUPU _bspa _cPE-LiUPU _erda |
||
| 049 | _aPRUA | ||
| 082 | 0 | 4 |
_a220.7 _bB84 _221 |
| 100 | 1 |
_aBrown, Raymond E., _eautor. |
|
| 245 | 1 | 0 |
_aComentario Bíblico San Jerónimo: Antiguo Testamento. _n1:1 / _cRaymond E. Brown. |
| 264 | 1 |
_aMadrid : _bEdiciones Cristiandad, _c1971. |
|
| 300 |
_a886 páginas : _bIl. (laminas, mapas, a colores) ; _c24 cm. |
||
| 336 |
_atext _2rdacontent |
||
| 337 |
_aunmediated _2rdamedia |
||
| 338 |
_avolume _2rdacarrier |
||
| 504 | _aBibliografía al comienzo de cada capítulo. | ||
| 505 | 0 | _aAntiguo testamento: Introducción al Pentateuco.- Génesis.- Exodo.- Levítico.- Números.- Poesía Hebrea.- Amós.- Oseas.- Isaías.- Jeremías. | |
| 526 | _aSEG44 | ||
| 526 | _aSEG26 | ||
| 526 | _aP151 | ||
| 526 | _aP150 | ||
| 526 | _aP149 | ||
| 526 | _aP146 | ||
| 526 | _aP145 | ||
| 526 | _aP126 | ||
| 526 | _aP125 | ||
| 526 | _aP92 | ||
| 526 | _aP75 | ||
| 526 | _aP74 | ||
| 526 | _aP27 | ||
| 526 | _aP15 | ||
| 630 |
_aBiblia. _pA.T. _pPentateuco _xComentarios. |
||
| 650 | 0 | 4 | _aPoesía hebrea. |
| 910 |
_ajck _bjvq _cjck |
||
| 942 |
_2ddc _cBOOK |
||
| 949 |
_aRC 220.7 B84 1:1 _wDEWEY _c1 _i39606 _lRC _mBUL _r0 _sY _tBOOK _u2015-6-16 _xTEOLOGIA _zUNKNOWN _0COMPRA _o.CIRCNOTE. No olvidar cambiar la fecha de devolución!!!!!!! _o.STAFF. Colección General |
||
| 994 |
_aC0 _bPEPRU |
||
| 596 | _a1 | ||
| 999 |
_aRC 220.7 B84 1:1 _wDEWEY _c57304 _i39606 _d57304 _f2021-11-8 _g6 _lCCODEBUL1 _mBUL _q13 _r1 _sY _tBOOK _u2015-6-16 _xTEOLOGIA _zUNKNOWN _0COMPRA _o.CIRCNOTE. No olvidar cambiar la fecha de devolución!!!!!!! _o.STAFF. Colección General |
||
| 980 |
_81 _gALBERTO SANCHEZ Responsable de Automatización |
||